000 00915nas a2200301 4500
001 BR2019000099
003 BR-BrBNA
005 20231205131533.0
007 ta
008 230509b bl.|||p| |||| 00| 00por d
040 _aBR-BrBNA
_bpor
_cBiblioteca Nacional de Agricultura
041 _a(Pt)
072 _aQ03
100 1 _aSouza, E.C.
100 1 _aTeotônio, T.M.C.
100 1 _aLira, I.M. da C.
100 1 _aSantos, M.R. da S.
100 1 _aLima, S.C.C. de
245 1 _aAnálise microbiológica do gelo produzido e comercializado na cidade de Maceió, AL
650 _aGELO
650 _aÁGUA POTÁVEL
650 _aHIGIENE
650 _aANÁLISE MICROBIOLÓGICA
650 _aCONTROLE DE QUALIDADE
773 0 _tHigiene Alimentar (Brazil)
_xISSN 0101-9171
_g(Nov-Dec 2018), v. 32(286-287) p. 132-136
_wBR2019000099
909 _a202311
_bLúcia
_c55
_dLúcia Elande
942 _2AGRIS
_n0
_cANA
999 _c255343
_d255343